[Event "Wch U10"]
[Site "Montesilvano"]
[Date "2024.11.23"]
[Round "8"]
[White "Lee, Yugeon"]
[Black "Akramov, Khasan"]
[Result "0-1"]
[WhiteElo "1690"]
[BlackElo "1835"]
[PlyCount "110"]
[EventDate "2024.11.15"]
[EventType "swiss"]
[EventRounds "11"]
[EventCountry "ITA"]
[SourceTitle "CB48_2024"]
[SourceDate "2024.11.28"]
[SourceVersion "1"]
[SourceVersionDate "2024.11.28"]
[SourceQuality "1"]

1. d4 Nf6 2. c4 g6 3. Nc3 d5 4. Nf3 Bg7 5. Bg5 Ne4 6. cxd5 Nxg5 7. Nxg5 e6 8. Qd2 h6 9. Nf3 exd5 10. e3 0-0 11. Be2 c6 12. 0-0 Be6 13. Rac1 Nd7 14. b4 Rc8 15. b5 c5 16. dxc5 Nxc5 17. Nd4 Ne4 18. Qd3 Nxc3 19. Rxc3 Rxc3 20. Qxc3 Qb6 21. Qd2 Bxd4 22. exd4 Rc8 23. Rd1 Kh7 24. Bd3 Qc7 25. h4 Kg7 26. Qe3 h5 27. Rd2 Qd8 28. g3 Qd6 29. Kh2 Bd7 30. Qg5 Re8 31. f4 f5 32. Re2 Rxe2+ 33. Bxe2 Qf6 34. Qxf6+ Kxf6 35. Kg2 Ke6 36. Kf2 Kd6 37. Ke3 Kc7 38. Kd2 Kb6 39. Bf3 Be6 40. Be2 Ka5 41. Kc3 Ka4 42. Bd3 b6 43. Be2 Ka3 44. Bf3 Kxa2 45. Bg2 Kb1 46. Kb3 Kc1 47. Kc3 Kd1 48. Kd3 Ke1 49. Ke3 Bf7 50. Bh3 Bg8 51. Bg2 Be6 52. Bh3 Bc8 53. Bg2 Bb7 54. Bh1 Kf1 55. Bf3 Kg1 0-1

[Event "Wch U10"]
[Site "Montesilvano"]
[Date "2024.11.20"]
[Round "6"]
[White "Lee, Yugeon"]
[Black "Enkhbileg, Gantumur"]
[Result "1-0"]
[WhiteElo "1690"]
[BlackElo "1529"]
[PlyCount "41"]
[EventDate "2024.11.15"]
[EventType "swiss"]
[EventRounds "11"]
[EventCountry "ITA"]
[SourceTitle "CB48_2024"]
[SourceDate "2024.11.28"]
[SourceVersion "1"]
[SourceVersionDate "2024.11.28"]
[SourceQuality "1"]

1. d4 Nf6 2. c4 g6 3. Nc3 Bg7 4. e4 d6 5. Nf3 Bg4 6. Be2 Bxf3 7. Bxf3 0-0 8. e5 Nc6 9. exf6 Bxf6 10. Bxc6 bxc6 11. 0-0 Re8 12. Bh6 e5 13. dxe5 Bxe5 14. f4 Bf6 15. Qf3 Qb8 16. Rab1 Qb6+ 17. Kh1 Re3 18. Qg4 Rae8 19. f5 Bxc3 20. Bxe3 Qxe3 21. bxc3 1-0

[Event "Wch U10"]
[Site "Montesilvano"]
[Date "2024.11.16"]
[Round "2"]
[White "Lee, Yugeon"]
[Black "Thorulsley, Kairaav"]
[Result "0-1"]
[WhiteElo "1690"]
[BlackElo "1520"]
[PlyCount "112"]
[EventDate "2024.11.15"]
[EventType "swiss"]
[EventRounds "11"]
[EventCountry "ITA"]
[SourceTitle "CB48_2024"]
[SourceDate "2024.11.28"]
[SourceVersion "1"]
[SourceVersionDate "2024.11.28"]
[SourceQuality "1"]

1. d4 Nf6 2. c4 e6 3. Nc3 Bb4 4. Qc2 Bxc3+ 5. Qxc3 Ne4 6. Qc2 f5 7. Nf3 b6 8. g3 Bb7 9. Bg2 d6 10. Ng5 Qf6 11. Nxe4 fxe4 12. Bxe4 Bxe4 13. Qxe4 c6 14. 0-0 0-0 15. d5 exd5 16. cxd5 c5 17. Rb1 Nd7 18. Qe6+ Qf7 19. Qxd6 Nf6 20. e4 Nxe4 21. Qe6 Qxe6 22. dxe6 Rae8 23. f3 Nd6 24. Bf4 Rxe6 25. Rfe1 Rfe8 26. Kf2 Rxe1 27. Rxe1 Rxe1 28. Kxe1 Nc8 29. Ke2 Kf7 30. Kd3 Ke6 31. Ke4 g6 32. b3 Nd6+ 33. Bxd6 Kxd6 34. g4 Ke6 35. h4 h6 36. a4 a6 37. f4 b5 38. a5 Kd6 39. f5 gxf5+ 40. gxf5 h5 41. f6 Ke6 42. f7 Kxf7 43. Kd5 c4 44. bxc4 b4 45. c5 b3 46. c6 Ke7 47. Kc4 b2 48. Kc3 b1Q 49. Kd2 Qb4+ 50. Kd1 Qb2 51. Ke1 Kd6 52. Kd1 Kxc6 53. Ke1 Kd5 54. Kd1 Kd4 55. Ke1 Ke3 56. Kd1 Qb1# 0-1

[Event "Wch U10"]
[Site "Montesilvano"]
[Date "2024.11.15"]
[Round "1"]
[White "Shangin, Lev"]
[Black "Lee, Yugeon"]
[Result "1-0"]
[WhiteElo "2056"]
[BlackElo "1690"]
[PlyCount "71"]
[EventDate "2024.11.15"]
[EventType "swiss"]
[EventRounds "11"]
[EventCountry "ITA"]
[SourceTitle "CB48_2024"]
[SourceDate "2024.11.28"]
[SourceVersion "1"]
[SourceVersionDate "2024.11.28"]
[SourceQuality "1"]

1. d4 Nf6 2. c4 g6 3. Nc3 d5 4. cxd5 Nxd5 5. e4 Nxc3 6. bxc3 Bg7 7. Bc4 c5 8. Ne2 0-0 9. 0-0 cxd4 10. cxd4 Nc6 11. Be3 Qa5 12. Rc1 e6 13. Qc2 Rd8 14. Rfd1 b5 15. Bb3 Bb7 16. h4 Rac8 17. Qb2 Nb8 18. f3 b4 19. e5 Rxc1 20. Rxc1 Nc6 21. Rc5 Qb6 22. Qc1 Bf8 23. d5 Bxc5 24. Bxc5 Qb5 25. dxc6 Qxc6 26. Qe3 Ba6 27. Ng3 Rd3 28. Qf2 Rc3 29. Ne4 Rc1+ 30. Kh2 Rf1 31. Qe3 Kg7 32. Qh6+ Kxh6 33. Bf8+ Kh5 34. g4+ Kxh4 35. Be7+ g5 36. Bxg5# 1-0